Semblanzas I / (Record no. 9082)
[ view plain ]
| 000 -LEADER | |
|---|---|
| fixed length control field | 00579 #a2200181 #4500 |
| 005 - DATE AND TIME OF LATEST TRANSACTION | |
| control field | 20230905132927.0 |
| 008 - FIXED-LENGTH DATA ELEMENTS--GENERAL INFORMATION | |
| fixed length control field | aespañol |
| 082 14 - DEWEY DECIMAL CLASSIFICATION NUMBER | |
| Edition number | 14 |
| Classification number | 323 |
| 245 00 - TITLE STATEMENT | |
| Title | Semblanzas I / |
| Statement of responsibility, etc | Comisión de Derechos Humanos |
| 260 ## - PUBLICATION, DISTRIBUTION, ETC. (IMPRINT) | |
| Place of publication, distribution, etc | Buenos Aires: |
| Name of publisher, distributor, etc | Secretaría de Derechos Humanos de la Nación, |
| Date of publication, distribution, etc | 2011 |
| 300 ## - PHYSICAL DESCRIPTION | |
| Extent | 93 p. |
| 650 27 - SUBJECT ADDED ENTRY--TOPICAL TERM | |
| 9 (RLIN) | 1105 |
| Topical term or geographic name as entry element | DERECHOS HUMANOS |
| Source of heading or term | unescot |
| 650 27 - SUBJECT ADDED ENTRY--TOPICAL TERM | |
| 9 (RLIN) | 559 |
| Topical term or geographic name as entry element | DICTADURA |
| Source of heading or term | unescot |
| 650 24 - SUBJECT ADDED ENTRY--TOPICAL TERM | |
| 9 (RLIN) | 522 |
| Topical term or geographic name as entry element | HISTORIA ARGENTINA |
| 710 1# - ADDED ENTRY--CORPORATE NAME | |
| 9 (RLIN) | 17828 |
| Corporate name or jurisdiction name as entry element | Comisión de Derechos Humanos |
| 942 ## - ADDED ENTRY ELEMENTS (KOHA) | |
| Source of classification or shelving scheme | Dewey Decimal Classification |
| Item type | Libro, folleto, traducción |
| 980 ## - EQUIVALENCE OR CROSS-REFERENCE-SERIES STATEMENT--PERSONAL NAME/TITLE [LOCAL, CANADA] | |
| Linkage | 19226 |
| Personal name | Palazón Marcela I. |
| Field link and sequence number | 19226 |
| Miscellaneous information | Palazón Marcela I. |
| Withdrawn status | Lost status | Source of classification or shelving scheme | Damaged status | Not for loan | Home library | Current library | Date acquired | Source of acquisition | Total Checkouts | Full call number | Barcode | Date last seen | Price effective from | Koha item type |
|---|---|---|---|---|---|---|---|---|---|---|---|---|---|---|
| Dewey Decimal Classification | Biblioteca Central | Biblioteca Central | 07/09/2023 | Donación | 323 SEM | UNAJ23090016 | 24/04/2025 | 07/09/2023 | Libro, folleto, traducción |